Tratado de Ciencia de la Hacienda Pública / (Record no. 83679)

MARC details
000 -LEADER
campo de control de longitud fija 00443nam a2200157 i 4500
001 - NÚMERO DE CONTROL
campo de control 83679
003 - IDENTIFICADOR DE NÚMERO DE CONTROL
campo de control ES-MaACL
005 - FECHA Y HORA DE LA ÚLTIMA TRANSACCIÓN
campo de control 20230906174856.0
007 - CAMPO FIJO DE DESCRIPCIÓN FÍSICA--INFORMACIÓN GENERAL
campo de control de longitud fija t|
008 - DATOS DE LONGITUD FIJA--INFORMACIÓN GENERAL
campo de control de longitud fija 041118s1925 ck ||||1| spa d
100 1# - ENTRADA PRINCIPAL--NOMBRE DE PERSONA
Nombre de persona Jaramillo, Esteban.
9 (RLIN) 66100
245 10 - MENCIÓN DEL TÍTULO
Título Tratado de Ciencia de la Hacienda Pública /
Mención de responsabilidad, etc. Esteban Jaramillo.
260 ## - PUBLICACIÓN, DISTRIBUCIÓN, ETC.
Lugar de publicación, distribución, etc. Bogotá :
Nombre del editor, distribuidor, etc. [s.n.,
Fecha de publicación, distribución, etc. 1925] (
Fabricante Imp. de la Luz)
300 ## - DESCRIPCIÓN FÍSICA
Extensión 2 v. ;
Dimensiones 25 cm.
852 ## - LOCALIZACIÓN
Ubicación ES-MaACL
Número de control de estantería F-3256
Holdings
Estatus retirado Estado de pérdida Estado de daño No para préstamo Biblioteca de origen Biblioteca actual Ubicación en estantería Fecha de adquisición Fuente de adquisición Total de préstamos Signatura topográfica completa Código de barras Visto por última vez Precio de reemplazo Tipo de ítem Koha
        Biblioteca del Ateneo de Madrid Biblioteca del Ateneo de Madrid Depósito 2 17/01/2008     F-3256 1087457 23/02/2023 23/02/2023 Libro impreso